000
00219nam a2200097Ia 4500
008
120527s9999 xx 000 0 und d
100
_a
GAMSER,S.Mathew.
245
_a
Power from the people.
260
_b
I.T
942
_c
BK
999
_c
23752
_d
23752